[Event "DEM U12 2018"]
[Site "Willingen GER"]
[Date "2018.05.23"]
[Round "7"]
[White "Hommer, Jeremy"]
[Black "Laux, Dominik"]
[Result "1/2-1/2"]
[Termination "normal"]
[Board "6"]
[WhiteElo "1897"]
[BlackElo "1889"]
[WhiteClock "00:07:41"]
[BlackClock "00:03:17"]
[PlyCount "104"]
[WhiteFideId "12992577"]
[BlackFideId "12994219"]
[EventCountry "GER"]
[EventRounds "11"]
[EventType "swiss"]
[EventDate "2018.05.19"]

1. e4 {[%clk 1:15:58]} 1... g6 {[%clk 1:15:44]} 2. d4 {[%clk 1:16:19]} 2... Bg7
{[%clk 1:16:06]} 3. Nc3 {[%clk 1:16:42]} 3... c6 {[%clk 1:16:24]} 4. Be3 {
[%clk 1:17:06]} 4... d6 {[%clk 1:14:11]} 5. Qd2 {[%clk 1:17:25]} 5... Nf6 {
[%clk 1:14:02]} 6. f3 {[%clk 1:17:49]} 6... Nbd7 {[%clk 1:13:39]} 7. O-O-O {
[%clk 1:17:52]} 7... O-O {[%clk 1:09:52]} 8. g4 {[%clk 1:15:33]} 8... b5 {
[%clk 1:09:24]} 9. Kb1 {[%clk 1:15:45]} 9... b4 {[%clk 1:06:39]} 10. Nce2 {
[%clk 1:16:08]} 10... a5 {[%clk 1:04:50]} 11. Nc1 {[%clk 1:11:07]} 11... Bb7 {
[%clk 1:01:06]} 12. Bh6 {[%clk 1:05:51]} 12... c5 {[%clk 0:57:09]} 13. Bxg7 {
[%clk 1:04:37]} 13... Kxg7 {[%clk 0:56:28]} 14. dxc5 {[%clk 1:01:05]} 14...
Nxc5 {[%clk 0:52:15]} 15. Qe3 {[%clk 0:52:27]} 15... Qc7 {[%clk 0:47:55]} 16.
h4 {[%clk 0:30:59]} 16... Ncxe4 {[%clk 0:38:24]} 17. fxe4 {[%clk 0:25:12]}
17... Bxe4 {[%clk 0:38:29]} 18. Rh2 {[%clk 0:24:51]} 18... Nxg4 {[%clk 0:36:31]
} 19. Qxe4 {[%clk 0:24:35]} 19... Nxh2 {[%clk 0:36:50]} 20. Bh3 {[%clk 0:23:12]
} 20... f5 {[%clk 0:35:53]} 21. Qg2 {[%clk 0:21:20]} 21... Ng4 {[%clk 0:35:43]}
22. Bxg4 {[%clk 0:21:28]} 22... fxg4 {[%clk 0:36:03]} 23. Qxg4 {[%clk 0:21:36]}
23... Rac8 {[%clk 0:35:38]} 24. Qe2 {[%clk 0:17:57]} 24... Rf7 {[%clk 0:29:38]}
25. Nh3 {[%clk 0:15:32]} 25... Qc4 {[%clk 0:26:07]} 26. h5 {[%clk 0:12:42]}
26... Qxe2 {[%clk 0:23:40]} 27. Nxe2 {[%clk 0:13:11]} 27... Rcf8 { [%clk
0:19:22]} 28. hxg6 {[%clk 0:11:29]} 28... Rf1 {[%clk 0:17:49]} 29. Kc1 { [%clk
0:11:58]} 29... hxg6 {[%clk 0:16:15]} 30. Rxf1 {[%clk 0:11:09]} 30... Rxf1+
{[%clk 0:16:36]} 31. Kd2 {[%clk 0:11:38]} 31... e5 {[%clk 0:16:05]} 32. Ng5
{[%clk 0:11:43]} 32... Kf6 {[%clk 0:12:06]} 33. Ne4+ {[%clk 0:12:01]} 33... Ke6
{[%clk 0:12:13]} 34. c4 {[%clk 0:10:47]} 34... Rf8 {[%clk 0:09:09]} 35. b3
{[%clk 0:06:45]} 35... Rg8 {[%clk 0:07:46]} 36. Ng5+ {[%clk 0:05:22]} 36... Kf6
{[%clk 0:06:28]} 37. Ne4+ {[%clk 0:05:49]} 37... Ke7 {[%clk 0:06:29]} 38. Ng5 {
[%clk 0:05:59]} 38... Rh8 {[%clk 0:05:18]} 39. Ne4 {[%clk 0:05:32]} 39... Rh5 {
[%clk 0:03:55]} 40. Ke3 {[%clk 0:04:11]} 40... Rh3+ {[%clk 0:00:43]} 41. Kd2 {
[%clk 0:03:48]} 41... Rh5 {[%clk 0:14:52]} 42. Ke3 {[%clk 0:19:11]} 42... Ke6 {
[%clk 0:14:49]} 43. N2g3 {[%clk 0:18:07]} 43... Rh2 {[%clk 0:13:19]} 44. Ne2 {
[%clk 0:17:14]} 44... Rh8 {[%clk 0:13:06]} 45. N2g3 {[%clk 0:16:08]} 45... Rf8
{[%clk 0:11:08]} 46. Ng5+ {[%clk 0:16:11]} 46... Kd7 {[%clk 0:10:40]} 47. N5e4
{[%clk 0:16:23]} 47... Kc6 {[%clk 0:10:20]} 48. Ng5 {[%clk 0:16:08]} 48... a4 {
[%clk 0:06:37]} 49. N5e4 {[%clk 0:15:46]} 49... axb3 {[%clk 0:04:50]} 50. axb3
{[%clk 0:16:15]} 50... d5 {[%clk 0:03:39]} 51. cxd5+ {[%clk 0:15:40]} 51...
Kxd5 {[%clk 0:04:02]} 52. Nh1 {[%clk 0:07:41]} 52... Rh8 {[%clk 0:03:17]}
1/2-1/2

[Event "DEM U12 2018"]
[Site "Willingen GER"]
[Date "2018.05.23"]
[Round "7"]
[White "May, Ben-Iven"]
[Black "Haack, Kevin"]
[Result "1-0"]
[Termination "normal"]
[Board "10"]
[WhiteElo "1769"]
[BlackElo "1846"]
[WhiteClock "00:04:12"]
[BlackClock "00:03:16"]
[PlyCount "83"]
[WhiteFideId "16229673"]
[BlackFideId "16228715"]
[EventCountry "GER"]
[EventRounds "11"]
[EventType "swiss"]
[EventDate "2018.05.19"]

1. e4 {[%clk 1:15:56]} 1... c5 {[%clk 1:15:51]} 2. Nf3 {[%clk 1:15:38]} 2... d6
{[%clk 1:16:15]} 3. d4 {[%clk 1:15:14]} 3... cxd4 {[%clk 1:16:36]} 4. Nxd4 {
[%clk 1:15:36]} 4... Nf6 {[%clk 1:16:52]} 5. Nc3 {[%clk 1:14:56]} 5... g6 {
[%clk 1:17:04]} 6. Be2 {[%clk 1:12:55]} 6... Bg7 {[%clk 1:17:23]} 7. O-O {
[%clk 1:12:05]} 7... O-O {[%clk 1:17:09]} 8. Be3 {[%clk 1:10:46]} 8... Nc6 {
[%clk 1:15:26]} 9. f4 {[%clk 1:08:03]} 9... Bd7 {[%clk 1:12:55]} 10. Kh1 {
[%clk 1:05:22]} 10... Rc8 {[%clk 1:10:38]} 11. Qd2 {[%clk 1:00:43]} 11... a6 {
[%clk 1:00:20]} 12. a4 {[%clk 0:51:32]} 12... Bg4 {[%clk 0:53:49]} 13. Rad1 {
[%clk 0:43:55]} 13... Bxe2 {[%clk 0:54:00]} 14. Qxe2 {[%clk 0:43:46]} 14... Qa5
{[%clk 0:46:31]} 15. Nb3 {[%clk 0:36:28]} 15... Qc7 {[%clk 0:43:01]} 16. g4 {
[%clk 0:30:14]} 16... Nb4 {[%clk 0:34:06]} 17. Rf2 {[%clk 0:21:18]} 17... Rfd8
{[%clk 0:30:56]} 18. a5 {[%clk 0:19:09]} 18... Nd7 {[%clk 0:26:33]} 19. Rdf1 {
[%clk 0:13:46]} 19... Bxc3 {[%clk 0:23:48]} 20. bxc3 {[%clk 0:14:05]} 20...
Qxc3 {[%clk 0:23:57]} 21. Nd4 {[%clk 0:10:23]} 21... Nf6 {[%clk 0:20:34]} 22.
Qf3 {[%clk 0:09:10]} 22... Nxg4 {[%clk 0:19:28]} 23. Qxg4 {[%clk 0:09:18]}
23... Qxe3 {[%clk 0:19:47]} 24. f5 {[%clk 0:08:56]} 24... g5 {[%clk 0:12:24]}
25. f6 {[%clk 0:08:00]} 25... e5 {[%clk 0:09:57]} 26. Nf5 {[%clk 0:08:12]}
26... Qc5 {[%clk 0:04:26]} 27. Qxg5+ {[%clk 0:03:45]} 27... Kf8 {[%clk 0:04:52]
} 28. Qg7+ {[%clk 0:03:23]} 28... Ke8 {[%clk 0:05:18]} 29. Qg8+ {[%clk 0:03:47]
} 29... Kd7 {[%clk 0:05:43]} 30. Qxf7+ {[%clk 0:04:12]} 30... Kc6 { [%clk
0:06:05]} 31. Ne7+ {[%clk 0:04:14]} 31... Kc7 {[%clk 0:05:09]} 32. Nxc8+ {[%clk
0:04:19]} 32... Kxc8 {[%clk 0:05:33]} 33. Qe6+ {[%clk 0:04:36]} 33... Kb8
{[%clk 0:04:10]} 34. f7 {[%clk 0:04:37]} 34... Qc6 {[%clk 0:03:27]} 35. f8=Q
{[%clk 0:04:29]} 35... Qxe4+ {[%clk 0:03:50]} 36. Qf3 {[%clk 0:04:43]} 36...
Qd4 {[%clk 0:02:26]} 37. c3 {[%clk 0:04:43]} 37... Qc5 {[%clk 0:02:38]} 38.
cxb4 {[%clk 0:05:03]} 38... Qb5 {[%clk 0:02:39]} 39. Qed5 {[%clk 0:04:16]}
39... Qd7 {[%clk 0:02:50]} 40. b5 {[%clk 0:03:46]} 40... Ka7 {[%clk 0:02:51]}
41. bxa6 {[%clk 0:03:49]} 41... bxa6 {[%clk 0:03:16]} 42. Qff7 {[%clk 0:04:12]}
1-0

[Event "DEM U12 2018"]
[Site "Willingen GER"]
[Date "2018.05.23"]
[Round "7"]
[White "Neuber, Pascal"]
[Black "Amato, Cristiano"]
[Result "0-1"]
[Termination "normal"]
[Board "13"]
[WhiteElo "1782"]
[BlackElo "1681"]
[PlyCount "104"]
[WhiteFideId "16227611"]
[BlackFideId "12998460"]
[EventCountry "GER"]
[EventRounds "11"]
[EventType "swiss"]
[EventDate "2018.05.19"]

1. e4 c5 2. Nf3 Nc6 3. d4 cxd4 4. Nxd4 e5 5. Nb5 a6 6. Nd6+ Bxd6 7. Qxd6 Qf6 8.
Qd1 Qg6 9. Nc3 d5 10. Nxd5 Qxe4+ 11. Ne3 Be6 12. Bd3 Qb4+ 13. c3 Qe7 14. O-O
Nf6 15. Nf5 Bxf5 16. Bxf5 Rd8 17. Qc2 O-O 18. Bg5 h6 19. Bh4 g5 20. Bg3 Rd5 21.
Rfe1 Rfd8 22. Rad1 e4 23. Rxd5 Rxd5 24. Bxe4 Nxe4 25. h3 f5 26. Qb3 Qd7 27. Bc7
Kh7 28. Qxb7 Rb5 29. Qxa6 Rxb2 30. Bb6 Nb8 31. Qa5 Rb5 32. Qa7 Qxa7 33. Bxa7
Nc6 34. Bd4 Nxd4 35. cxd4 Rd5 36. f3 Nf6 37. Rd1 Kg7 38. Kf2 Kf7 39. Ke2 Ke6
40. Kd3 Ra5 41. Rd2 Kd5 42. Kc3 Ra4 43. Rb2 Ra3+ 44. Kb4 Rd3 45. Kb5 Rxd4 46.
Rc2 Ne8 47. Rc5+ Ke6 48. Rc6+ Nd6+ 49. Kb6 Rb4+ 50. Kc7 Rb7+ 51. Kd8 Ra7 52.
Rc2 Ra8+ 0-1

[Event "DEM U12 2018"]
[Site "Willingen GER"]
[Date "2018.05.23"]
[Round "7"]
[White "Weidenhöfer, Max"]
[Black "Hoffmann, Kay"]
[Result "1-0"]
[Termination "normal"]
[Board "15"]
[WhiteElo "1709"]
[BlackElo "1247"]
[PlyCount "99"]
[WhiteFideId "16230566"]
[BlackFideId "16227000"]
[EventCountry "GER"]
[EventRounds "11"]
[EventType "swiss"]
[EventDate "2018.05.19"]

1. e4 g6 2. d4 Bg7 3. f4 d6 4. Nf3 Nd7 5. Bd3 e6 6. O-O Ne7 7. Be3 O-O 8. Qe1
h6 9. Qh4 d5 10. e5 Nf5 11. Qxd8 Rxd8 12. Bd2 b6 13. b3 c5 14. c3 Bb7 15. Bc1
Rac8 16. Re1 Bf8 17. Ba3 Rc7 18. Nbd2 Rdc8 19. Rac1 cxd4 20. Bxf8 dxc3 21. Nb1
Kxf8 22. Bxf5 gxf5 23. Nd4 Ba6 24. Re3 Ke8 25. Rh3 Kf8 26. Rxh6 Bd3 27. Na3 a6
28. Rh3 Be4 29. Ne2 b5 30. b4 Nb6 31. Rcxc3 Nc4 32. Nxc4 Rxc4 33. Rcg3 Rc2 34.
Nd4 R8c4 35. Nxc2 Rxc2 36. a3 Rc1+ 37. Kf2 Rc2+ 38. Kf1 Rc1+ 39. Ke2 Rc2+ 40.
Kd1 Ra2 41. Rh8+ Ke7 42. Rh7 Ra1+ 43. Kd2 Ra2+ 44. Kc1 Ra1+ 45. Kb2 Rb1+ 46.
Ka2 Rf1 47. Rgg7 Rf2+ 48. Kb3 Rxg2 49. Rxf7+ Ke8 50. Ra7 1-0

[Event "DEM U12 2018"]
[Site "Willingen GER"]
[Date "2018.05.23"]
[Round "7"]
[White "Tovmasyan, Minas"]
[Black "Klugstedt, Vincent"]
[Result "1/2-1/2"]
[Termination "normal"]
[Board "16"]
[WhiteElo "1480"]
[BlackElo "1810"]
[PlyCount "130"]
[WhiteFideId "16247620"]
[BlackFideId "16216393"]
[EventCountry "GER"]
[EventRounds "11"]
[EventType "swiss"]
[EventDate "2018.05.19"]

1. d4 Nf6 2. c4 e6 3. Nc3 Bb4 4. Qc2 c5 5. dxc5 Bxc5 6. Bf4 Nc6 7. Nf3 a6 8. e3
O-O 9. Be2 Qe7 10. h3 d5 11. cxd5 Nb4 12. Qc1 Nbxd5 13. O-O Nxf4 14. exf4 b5
15. Qc2 Bb7 16. Rfe1 Rac8 17. Qb3 b4 18. Nd1 Bd5 19. Qa4 Rb8 20. Ne3 Qa7 21.
Bd1 Rfc8 22. Rc1 a5 23. Ne5 b3 24. axb3 Rb4 25. Qa1 Rxf4 26. Nd3 Ne4 27. Nxc5
Rxc5 28. Rxc5 Qxc5 29. Bf3 g6 30. Bxe4 Bxe4 31. Qc1 Qb4 32. Qc8+ Kg7 33. Qc3+
Kf8 34. Qxb4+ axb4 35. Rd1 Ke7 36. Rd4 e5 37. Rxb4 Bc6 38. Rxf4 exf4 39. Nc4
Ke6 40. Kf1 Kd5 41. Ke2 Kc5 42. f3 Kb4 43. Kd1 Bd7 44. Nd2 h5 45. h4 Bf5 46.
Ke2 Bc2 47. Kf2 Bf5 48. g3 Kc5 49. gxf4 Kd4 50. Ke2 Bd3+ 51. Kf2 Bc2 52. b4 Bd3
53. Ne4 Bc4 54. b5 Bxb5 55. Nd6 Bd7 56. Nxf7 Bf5 57. b4 Kc4 58. Nd6+ Kxb4 59.
Nxf5 gxf5 60. Ke3 Kc3 61. Ke2 Kc2 62. Ke3 Kc3 63. Ke2 Kc2 64. Ke3 Kc3 65. Ke2
Kc2 1/2-1/2

[Event "DEM U12 2018"]
[Site "Willingen GER"]
[Date "2018.05.23"]
[Round "7"]
[White "Halabi, Ibrahim"]
[Black "Lehmann, Nils"]
[Result "1/2-1/2"]
[Termination "normal"]
[Board "17"]
[WhiteElo "1701"]
[BlackElo "1558"]
[PlyCount "57"]
[WhiteFideId "16241754"]
[BlackFideId "12982610"]
[EventCountry "GER"]
[EventRounds "11"]
[EventType "swiss"]
[EventDate "2018.05.19"]

1. e4 e5 2. Nf3 Nc6 3. Bc4 Bc5 4. c3 Nf6 5. d3 a6 6. Nbd2 d6 7. Bb3 Ba7 8. O-O
O-O 9. h3 Re8 10. Re1 Be6 11. Bc2 h6 12. Nf1 d5 13. exd5 Bxd5 14. Ng3 Qd6 15.
Nf5 Qe6 16. Ne3 Rad8 17. Nxd5 Qxd5 18. Qe2 Qd7 19. Be3 Bxe3 20. Qxe3 Nd5 21.
Qe4 f5 22. Qh4 Nf6 23. Rad1 Re7 24. Qg3 Nh5 25. Qg6 Nf4 26. Qg3 Nh5 27. Bb3+
Kh8 28. Qh4 Nf6 29. Qg3 1/2-1/2

[Event "DEM U12 2018"]
[Site "Willingen GER"]
[Date "2018.05.23"]
[Round "7"]
[White "Huo, Da"]
[Black "Pikalow, Michael"]
[Result "1-0"]
[Termination "normal"]
[Board "18"]
[WhiteElo "1686"]
[BlackElo "1540"]
[PlyCount "77"]
[WhiteFideId "16221206"]
[BlackFideId "16227638"]
[EventCountry "GER"]
[EventRounds "11"]
[EventType "swiss"]
[EventDate "2018.05.19"]

1. e4 c5 2. Nf3 d6 3. d4 cxd4 4. Nxd4 Nf6 5. Nc3 g6 6. Be3 Bg7 7. f3 O-O 8. Qd2
Nc6 9. O-O-O d5 10. Nxc6 bxc6 11. exd5 cxd5 12. Bd4 Be6 13. Bb5 Qa5 14. Kb1
Rab8 15. Ba4 Rfc8 16. Bb3 Rd8 17. Qf2 a6 18. Qd2 Rb7 19. Qe3 Kf8 20. Na4 Nd7
21. Bxg7+ Kxg7 22. Qc3+ Qxc3 23. Nxc3 Nf6 24. Rd4 h5 25. Rhd1 Rbd7 26. Na4 Rd6
27. a3 Bf5 28. h3 e5 29. R4d2 g5 30. Nc5 g4 31. Nb7 gxf3 32. Nxd8 Rxd8 33. gxf3
d4 34. Bc4 Bxh3 35. Bxa6 Nd5 36. Bf1 Be6 37. Bd3 f5 38. Rg1+ Kf6 39. b3 1-0

[Event "DEM U12 2018"]
[Site "Willingen GER"]
[Date "2018.05.23"]
[Round "7"]
[White "Morczynski, Joachim"]
[Black "Felten, Maximilian"]
[Result "1-0"]
[Termination "normal"]
[Board "19"]
[WhiteElo "1665"]
[BlackElo "1664"]
[PlyCount "103"]
[WhiteFideId "16209745"]
[BlackFideId "4004949"]
[EventCountry "GER"]
[EventRounds "11"]
[EventType "swiss"]
[EventDate "2018.05.19"]

1. e4 e6 2. d4 d5 3. Nc3 Nf6 4. Bg5 dxe4 5. Nxe4 Nbd7 6. Nxf6+ Nxf6 7. Nf3 Be7
8. Bxf6 Bxf6 9. Bc4 O-O 10. O-O b6 11. c3 Bb7 12. Re1 c6 13. Qd3 Qc7 14. Rad1
Rad8 15. Qe3 Rd7 16. Ne5 Bxe5 17. Qxe5 Qxe5 18. Rxe5 c5 19. Re2 Rfd8 20. Red2
a6 21. f4 b5 22. Bb3 Kf8 23. Kf2 cxd4 24. Rxd4 Rxd4 25. Rxd4 Rxd4 26. cxd4 Ke7
27. g3 Kd6 28. Ke3 Bd5 29. Bxd5 Kxd5 30. b3 a5 31. g4 g6 32. g5 a4 33. h3 axb3
34. axb3 Kc6 35. Ke4 Kd6 36. b4 Kc7 37. Ke5 Kc6 38. h4 Kc7 39. Kf6 Kd6 40. Kxf7
Kd5 41. Kg7 Kc4 42. Kxh7 Kxb4 43. Kxg6 Kc4 44. Kf6 b4 45. g6 b3 46. g7 b2 47.
g8=Q b1=Q 48. Qxe6+ Kxd4 49. h5 Qh1 50. Kg5 Qg2+ 51. Qg4 Qd2 52. Qd7+ 1-0

[Event "DEM U12 2018"]
[Site "Willingen GER"]
[Date "2018.05.23"]
[Round "7"]
[White "Kort, Felix"]
[Black "Sallandt, Frido"]
[Result "1/2-1/2"]
[Termination "normal"]
[Board "20"]
[WhiteElo "1672"]
[BlackElo "1524"]
[PlyCount "49"]
[WhiteFideId "16220129"]
[BlackFideId "16231767"]
[EventCountry "GER"]
[EventRounds "11"]
[EventType "swiss"]
[EventDate "2018.05.19"]

1. d4 Nf6 2. c4 e5 3. dxe5 Ng4 4. Nf3 Bc5 5. e3 Nc6 6. e6 fxe6 7. Nc3 O-O 8.
Bd3 d6 9. Qc2 Nf6 10. O-O Nb4 11. Qb1 Nxd3 12. Qxd3 e5 13. a3 a5 14. Rd1 Bg4
15. Ng5 Bxd1 16. Nd5 e4 17. Qxd1 Qd7 18. Nxf6+ Rxf6 19. Qd5+ Kh8 20. Nxe4 Rf5
21. Qxb7 Raf8 22. f3 Bb6 23. Nc3 Rg5 24. Kh1 Rh5 25. Kg1 1/2-1/2

[Event "DEM U12 2018"]
[Site "Willingen GER"]
[Date "2018.05.23"]
[Round "7"]
[White "Wildermuth, Nikolas Karl"]
[Black "Hänselmann, Hendrik"]
[Result "1-0"]
[Termination "normal"]
[Board "21"]
[WhiteElo "1495"]
[BlackElo "1713"]
[PlyCount "114"]
[WhiteFideId "16244699"]
[BlackFideId "16232755"]
[EventCountry "GER"]
[EventRounds "11"]
[EventType "swiss"]
[EventDate "2018.05.19"]

1. e4 c6 2. d4 d5 3. exd5 cxd5 4. c4 Nf6 5. Nc3 e6 6. Nf3 dxc4 7. Bxc4 Nc6 8.
a3 Be7 9. O-O O-O 10. Be3 b6 11. Qc2 Bb7 12. Rfd1 Na5 13. Ba2 Bxf3 14. gxf3 Rc8
15. Qe2 Qc7 16. Rac1 Qb7 17. b4 Nc6 18. d5 exd5 19. Nxd5 Rfe8 20. Nxf6+ Bxf6
21. Bd5 Red8 22. b5 Rxd5 23. Rxd5 Ne7 24. Rxc8+ Qxc8 25. Rd2 Ng6 26. Qd1 h6 27.
Bd4 Bg5 28. Be3 Bf6 29. Rd7 Ne5 30. Rd4 Qh3 31. Rf4 Ng6 32. Rg4 Ne5 33. Rg3 Qh5
34. Bd4 Nxf3+ 35. Qxf3 Qxf3 36. Rxf3 Bxd4 37. Rd3 Bc5 38. a4 Kf8 39. Rd7 Ke8
40. Rxa7 g6 41. Rc7 Bb4 42. Rb7 Ba5 43. Kf1 g5 44. Ke2 h5 45. Kf3 Kf8 46. Ke4
Kg7 47. Kf5 g4 48. Kg5 Be1 49. Rxb6 Bxf2 50. Rb7 g3 51. hxg3 Bxg3 52. Kxh5 Be1
53. Ra7 Bf2 54. Rd7 Bb6 55. Rd6 Bc7 56. Rc6 Ba5 57. b6 Bxb6 1-0

[Event "DEM U12 2018"]
[Site "Willingen GER"]
[Date "2018.05.23"]
[Round "7"]
[White "Schulemann, Gero"]
[Black "Mimkes, Antal"]
[Result "1-0"]
[Termination "normal"]
[Board "22"]
[WhiteElo "1700"]
[BlackElo "1559"]
[PlyCount "69"]
[WhiteFideId "16227646"]
[BlackFideId "16265963"]
[EventCountry "GER"]
[EventRounds "11"]
[EventType "swiss"]
[EventDate "2018.05.19"]

1. e4 e5 2. Nf3 Nc6 3. Bc4 Nf6 4. d3 d5 5. exd5 Nxd5 6. O-O Bc5 7. Nbd2 O-O 8.
Ne4 Be7 9. Re1 Nb6 10. Bb5 Nd4 11. Nxd4 Qxd4 12. c3 Qd8 13. Be3 c6 14. Bc4 Nxc4
15. dxc4 Be6 16. Qe2 f5 17. Nc5 Bxc5 18. Bxc5 Rf6 19. Qxe5 Rg6 20. b3 Qg5 21.
g3 Qh5 22. Kg2 b5 23. Rab1 Qg4 24. f3 Qh5 25. Bxa7 Rh6 26. h4 g5 27. Bd4 Rxa2+
28. Kg1 Rg6 29. Ra1 Ra4 30. bxa4 gxh4 31. axb5 Rxg3+ 32. Kh2 Qh6 33. Qh8+ Kf7
34. Ra7+ Kg6 35. Rxe6+ 1-0

[Event "DEM U12 2018"]
[Site "Willingen GER"]
[Date "2018.05.23"]
[Round "7"]
[White "Niemann, Leon"]
[Black "Movsisyan, Andranik"]
[Result "0-1"]
[Termination "normal"]
[Board "23"]
[WhiteElo "1563"]
[BlackElo "1654"]
[PlyCount "70"]
[WhiteFideId "16218388"]
[BlackFideId "16240391"]
[EventCountry "GER"]
[EventRounds "11"]
[EventType "swiss"]
[EventDate "2018.05.19"]

1. e4 d5 2. exd5 Qxd5 3. Nc3 Qa5 4. g3 Nf6 5. Bg2 c6 6. Nge2 e5 7. O-O Bc5 8.
a3 Bg4 9. Rb1 Qc7 10. b4 Bd6 11. d3 Nbd7 12. h3 Bh5 13. b5 O-O 14. g4 Bg6 15.
Ng3 Rad8 16. g5 Ne8 17. h4 f6 18. h5 Bf7 19. Qg4 Nc5 20. g6 Be6 21. gxh7+ Kh8
22. Qf3 Qd7 23. bxc6 bxc6 24. Qxc6 Qf7 25. Qf3 f5 26. Nb5 f4 27. Nxd6 Rxd6 28.
Ne4 Nxe4 29. dxe4 Nf6 30. Bxf4 Nd7 31. Bxe5 Qxf3 32. Bxg7+ Kxg7 33. Bxf3 Rxf3
34. Kg2 Rxa3 35. Rfd1 Rc6 0-1

[Event "DEM U12 2018"]
[Site "Willingen GER"]
[Date "2018.05.23"]
[Round "7"]
[White "Sieber, Bert"]
[Black "Schwartz, Oliver"]
[Result "1/2-1/2"]
[Termination "normal"]
[Board "24"]
[WhiteElo "1453"]
[BlackElo "1651"]
[PlyCount "80"]
[WhiteFideId "16265971"]
[BlackFideId "16207459"]
[EventCountry "GER"]
[EventRounds "11"]
[EventType "swiss"]
[EventDate "2018.05.19"]

1. d4 Nf6 2. c4 c5 3. d5 b5 4. b3 b4 5. Nd2 g6 6. Bb2 Bg7 7. e4 d6 8. f4 O-O 9.
Rb1 Nbd7 10. Bd3 Nb6 11. Ngf3 a5 12. a4 bxa3 13. Bxa3 Rb8 14. O-O Na8 15. Qe2
Nc7 16. h3 Na6 17. Kh2 Nb4 18. Bxb4 Rxb4 19. f5 Bd7 20. Bc2 Qc7 21. Rbe1 a4 22.
e5 dxe5 23. Nxe5 axb3 24. Bxb3 Ba4 25. Bxa4 Rxa4 26. Kg1 Nh5 27. Nc6 Ng3 28.
Qxe7 Bd4+ 29. Nxd4 Qxe7 30. Rxe7 Nxf1 31. Kxf1 cxd4 32. f6 Rd8 33. Re4 d3 34.
g4 Kf8 35. Rd4 Ke8 36. Rxd3 Kd7 37. Kf2 Kd6 38. Kf3 Ke5 39. g5 Kf5 40. h4 Rb4
1/2-1/2

[Event "DEM U12 2018"]
[Site "Willingen GER"]
[Date "2018.05.23"]
[Round "7"]
[White "Greßler, Christian"]
[Black "Langer, Paul Georg"]
[Result "1-0"]
[Termination "normal"]
[Board "25"]
[WhiteElo "1290"]
[BlackElo "1300"]
[PlyCount "129"]
[WhiteFideId "16244907"]
[BlackFideId "16230051"]
[EventCountry "GER"]
[EventRounds "11"]
[EventType "swiss"]
[EventDate "2018.05.19"]

1. e4 e5 2. Nf3 Nc6 3. Bb5 Nge7 4. d3 d6 5. c3 a6 6. Ba4 g6 7. O-O Bg7 8. Re1
O-O 9. Nbd2 Kh8 10. Nf1 f5 11. Bg5 h6 12. Bxe7 Nxe7 13. h3 f4 14. N1h2 Ng8 15.
Bc2 Qe7 16. d4 Rd8 17. Qd2 Be6 18. Rad1 Bf7 19. g3 g5 20. Kg2 Qe8 21. Rh1 Bh5
22. g4 Bg6 23. h4 Bf6 24. hxg5 hxg5 25. Nxg5 Bxg5 26. Nf3+ Bh6 27. g5 Kg7 28.
gxh6+ Nxh6 29. Rde1 Nf7 30. Nh4 Qe7 31. Qe2 Rh8 32. Nf5+ Bxf5 33. exf5 Qf6 34.
Qg4+ Kf8 35. Rxh8+ Qxh8 36. Rh1 Qg7 37. Qxg7+ Kxg7 38. Kf3 Rh8 39. Rxh8 Nxh8
40. Ke4 Kf6 41. Bb3 c6 42. dxe5+ dxe5 43. a4 b5 44. axb5 axb5 45. Ba2 c5 46.
Be6 Ng6 47. fxg6 Kxe6 48. g7 Kf7 49. g8=Q+ Kxg8 50. Kxe5 Kf7 51. Kxf4 Kf6 52.
Ke4 Ke6 53. Kd3 Ke5 54. c4 b4 55. Kc2 Kd4 56. Kb3 Ke4 57. Ka4 b3 58. Kxb3 Kd4
59. f4 Ke4 60. Ka4 Kxf4 61. Kb5 Ke5 62. Kxc5 Ke6 63. Kc6 Ke7 64. Kc7 Ke8 65. c5
1-0

[Event "DEM U12 2018"]
[Site "Willingen GER"]
[Date "2018.05.23"]
[Round "7"]
[White "Ljuca, Semir"]
[Black "Sinnhöfer, Joshua"]
[Result "1-0"]
[Termination "normal"]
[Board "26"]
[WhiteElo "1344"]
[BlackElo "1536"]
[PlyCount "61"]
[WhiteFideId "16216130"]
[BlackFideId "16201361"]
[EventCountry "GER"]
[EventRounds "11"]
[EventType "swiss"]
[EventDate "2018.05.19"]

1. e4 c6 2. Nf3 d5 3. exd5 cxd5 4. d4 Bg4 5. Be2 Nc6 6. O-O Nf6 7. Nc3 e6 8.
Re1 Bb4 9. Bg5 Qa5 10. Bxf6 Bxc3 11. bxc3 gxf6 12. c4 Ke7 13. Rb1 Rab8 14. cxd5
Qxd5 15. c4 Qa5 16. d5 Bxf3 17. Bxf3 Ne5 18. dxe6 Nxf3+ 19. Qxf3 fxe6 20. Rxb7+
Rxb7 21. Qxb7+ Kd6 22. Rd1+ Ke5 23. g3 Qxa2 24. Re1+ Kd6 25. Qb4+ Kd7 26. Rd1+
Kc8 27. Qc5+ Kb8 28. Qd6+ Ka8 29. Qxe6 Qa4 30. Rd7 Rc8 31. Rxa7+ 1-0

[Event "DEM U12 2018"]
[Site "Willingen GER"]
[Date "2018.05.23"]
[Round "7"]
[White "Hochlenert, Ben"]
[Black "Gerdes, Jannes"]
[Result "0-1"]
[Termination "normal"]
[Board "27"]
[WhiteElo "1023"]
[BlackElo "1492"]
[PlyCount "82"]
[WhiteFideId "16265980"]
[BlackFideId "16254627"]
[EventCountry "GER"]
[EventRounds "11"]
[EventType "swiss"]
[EventDate "2018.05.19"]

1. e4 c5 2. Nc3 e6 3. Bc4 Nc6 4. Nf3 a6 5. a4 Nf6 6. d3 d5 7. exd5 exd5 8. Bb3
Be7 9. Bg5 d4 10. Ne2 O-O 11. c3 dxc3 12. Nxc3 Re8 13. O-O Bg4 14. h3 Bh5 15.
g4 Bg6 16. Bc2 Nb4 17. Ne5 Nxc2 18. Qxc2 Rc8 19. Nxg6 hxg6 20. Rad1 Qc7 21.
Bxf6 Bxf6 22. Nd5 Qd6 23. Nxf6+ Qxf6 24. f3 Re3 25. Qf2 Rce8 26. Rde1 Qd4 27.
Rxe3 Rxe3 28. Kg2 Rxd3 29. Kh1 Rd2 30. Qxd4 cxd4 31. b3 Rb2 32. Rd1 Rxb3 33.
Rxd4 Rxf3 34. h4 Rh3+ 35. Kg2 Rxh4 36. Re4 f5 37. Rd4 Rxg4+ 38. Rxg4 fxg4 39.
Kg3 b5 40. axb5 axb5 41. Kxg4 b4 0-1

[Event "DEM U12 2018"]
[Site "Willingen GER"]
[Date "2018.05.23"]
[Round "7"]
[White "Dornheim, Carl Friedrich"]
[Black "May, Alexander"]
[Result "1/2-1/2"]
[Termination "normal"]
[Board "28"]
[WhiteElo "1441"]
[BlackElo "1373"]
[PlyCount "91"]
[WhiteFideId "16252314"]
[BlackFideId "16244974"]
[EventCountry "GER"]
[EventRounds "11"]
[EventType "swiss"]
[EventDate "2018.05.19"]

1. e4 c5 2. Nf3 d6 3. d4 cxd4 4. Nxd4 Nf6 5. Nc3 a6 6. Bg5 e6 7. f4 Be7 8. Qf3
Qc7 9. O-O-O Nc6 10. g4 b5 11. Kb1 Bb7 12. Bxf6 Bxf6 13. Nce2 O-O-O 14. g5 Be7
15. h4 Kb8 16. Bh3 g6 17. Bxe6 Nxd4 18. Nxd4 Bf8 19. Bd5 Bg7 20. Bxb7 Qxb7 21.
Qd3 d5 22. e5 Rhe8 23. h5 Ka8 24. hxg6 hxg6 25. Rh7 Bf8 26. Nf3 Bc5 27. Nh2 Re7
28. Ng4 Qc8 29. Nf6 d4 30. Qe4+ Kb8 31. Nd5 Red7 32. Nf6 Re7 33. Rh2 Rc7 34.
Rhd2 Rh8 35. Nd5 Rd7 36. Nf6 Rc7 37. a3 Ba7 38. Nd5 Rd7 39. Nb4 Rc7 40. Nd5 Rd7
41. Nf6 Rc7 42. Re1 Re7 43. Nd5 Ree8 44. Nf6 Re7 45. Nd5 Ree8 46. Nf6 1/2-1/2